00983cam a22002655a 4500001001000000003000400010005001700014008004100031020001800072040004000090082001900130245008500149260003600234300003500270490004900305500002400354504004100378650004800419651001000467653002400477700003400501942000800535999001700543952015700560017435002OSt20160214105059.0150702t2016 stka frb 001 0 eng d a9780723435556 aStDuBDSbengcStDuBDSdUkdEG-ScBUE04a617.6222bSMI00aSmile design integrating esthetics and function /cedited by Jonathan B. Levine. aEdinburgh :bElsevier,cc.2016. axiii, 306 p. :bill. ;c28 cm.0 aEssentials of esthetic dentistry ;vvolume 2 aIndex : p. 301-306. aIncludes bibliographical references. 7aDentistryxAesthetic aspects.2BUEsh932104 2BUEsh bDDentcFebruary20161 aLevine, Jonathan B.,eeditor. 2ddc c21131d21103 00102ddc40708IqraaaMAINbMAINc1STd2016-02-11ePurchaseg835.00h3698l2m3o617.6 SMIp000031528q2020-03-14r2017-04-13 00:00:00s2017-04-13yBB